Flower seeds: biology and technology

Kaydedildi:
Detaylı Bibliyografya
Asıl Yazarlar: McDonald, Miller B. (autor), Kwong, Francis Y (Yazar)
Materyal Türü: Kitap
Dil:İngilizce
Baskı/Yayın Bilgisi: Wallingford CABI 2005
Konular:
Etiketler: Etiketle
Etiket eklenmemiş, İlk siz ekleyin!

MARC

LEADER 00000nam a2200000 a 4500
001 UCK6313
003 CL-VaPUC
008 050916e20050000UK |||||||||||||||||eng|d
020 |a 0851999066 
082 0 4 |a 635.9  |b MCD  |2 21 
100 |a McDonald, Miller B.  |e autor  |9 495454 
700 0 |a Kwong, Francis Y  |e author  |9 495455 
245 1 0 |a Flower seeds: biology and technology 
300 |a 372 p 
942 |c BK 
945 |d 20050916 00:00:00  |a jcarroza 
260 |a Wallingford  |b CABI  |c 2005 
650 0 |a Semillas   |9 264396 
650 0 |a Flores  |9 310803 
650 0 |a Floricultura  |9 264401 
650 0 |a Plantas ornamentales  |9 345450 
583 |a last modification  |c 20050916 00:00:00  |k Rodrigo Vera 
999 |c 314609  |d 314607 
952 |0 0  |1 0  |4 0  |6 635_900000000000000_MCD_2005  |7 0  |8 A  |9 387136  |a BIBAGR  |b BIBAGR  |d 2019-11-22  |i 4166094  |o 635.9 MCD 2005  |p 4166094  |r 2025-01-20  |w 2019-11-22  |y BK  |k AGR 
952 |0 0  |1 0  |4 0  |6 635_900000000000000_MCD_2005  |7 0  |8 A  |9 387137  |a BIBAGR  |b BIBAGR  |d 2019-11-22  |i 4241460  |o 635.9 MCD 2005  |p 4241460  |r 2025-01-20  |w 2019-11-22  |y BK  |k AGR